000 00917nam a2200325 i 4500
001 768714001
003 CO-MdFUSB
005 20220322085347.0
007 ta
008 220211t1991 -us |||| |||| 00| 0 spa d
020 _a1560631171
040 _aCO-MdFUSB
_bspa
_cCO-MdFUSB
_dCO-MdFUSBC
_erda
041 _aspa
_heng
090 _aAV 0101
100 _aPalau, Luis,
_eautor
240 _aExperience God's forgiveness
245 _aPor la senda del perdón
_c/ Luis Palau ; traducido por Leticia Calçada
264 1 _aestados Unidos :
_bUnilit,
_c[1991]
264 4 _c© 1991
300 _a27 páginas
_c; 18 cm
336 _2rdacontent
_atexto
_btxt
337 _2rdamedia
_asin mediación
_bn
338 _2rdacarrier
_avolumen
_bnc
490 _aCruzada
563 _aRústico
650 7 _9303
_aPerdón
700 _96120
_aCalçada, Leticia
_etraductor
942 _cAV
945 _aJTF-925
999 _c67166
_d67166